Messi Club quiz - Statistics

General Stats
  • This quiz has been taken 82 times
  • The average score is 5 of 6
Answer Stats
Years Club % Correct
2004-2021 FC Barcelona
100%
2021-2023 PSG
96%
National Team Argentina
93%
2023-Presant Inter Miami
91%
1995-2000 Newells old boys
50%
2000-2004 La Masia
22%
No matching quizzes found
Score Distribution
Percent of People with Each Score
Percentile by Number Answered
Your Score History
You have not taken this quiz